| 000 | 00389nam a2200157Ia 4500 | ||
|---|---|---|---|
| 008 | 180921t1990 xxu||||| |||| 00| 0 eng d | ||
| 041 | _aeng | ||
| 080 |
_a65 _bBIN |
||
| 100 | _aBingham, Frank G. | ||
| 245 | _aBusiness to bussiness marketing management | ||
| 260 |
_bIRWIN _c1990 |
||
| 300 | _a744p., 25 cm | ||
| 942 | _cBK | ||
| 999 |
_c15721 _d15721 |
||
| 003 | LK-CoDNM | ||
| 040 |
_aLK-CoDNM _dLK-CoDNM _eLK-CoDNM |
||